[Event "Kiel op 35th"]
[Site "Kiel"]
[Date "2023.08.02"]
[Round "7"]
[White "Kort, Felix"]
[Black "Henke, Jaron"]
[Result "1-0"]
[WhiteElo "1837"]
[BlackElo "1676"]
[PlyCount "91"]
[EventDate "2023.07.29"]
[EventType "swiss"]
[EventRounds "9"]
[EventCountry "GER"]
[SourceTitle "CBM 215 Extra"]
[Source "ChessBase"]
[SourceDate "2023.09.30"]
[SourceVersion "1"]
[SourceVersionDate "2023.09.30"]
[SourceQuality "1"]

1. d4 Nf6 2. c4 e6 3. Nc3 Bb4 4. Qc2 c5 5. dxc5 Bxc5 6. a3 a5 7. Nf3 h6 8. Bf4 d6 9. e3 Bd7 10. Be2 0-0 11. h3 Bc6 12. g4 Nh7 13. h4 e5 14. Bg3 Nd7 15. g5 h5 16. Rg1 g6 17. Nd2 Re8 18. Nde4 Qe7 19. Bh2 Kh8 20. Rd1 Rac8 21. Qd2 Bxe4 22. Nxe4 Rc6 23. b4 axb4 24. axb4 Bb6 25. Nxd6 Rf8 26. c5 Nxc5 27. bxc5 Bxc5 28. Ne4 Bb4 29. Bxe5+ Kg8 30. Bc3 Rxc3 31. Nxc3 Rc8 32. Kf1 Bxc3 33. Qd7 Qc5 34. Qb5 Qe7 35. Rd7 Qe6 36. Rg3 Nf8 37. Rxb7 Qe4 38. Bf3 Qxh4 39. Qd5 Ne6 40. Kg2 Rc5 41. Qd7 Rf5 42. Qc8+ Nf8 43. Qxc3 Rxg5 44. Qd4 Rxg3+ 45. fxg3 Qg5 46. Qf4 1-0

[Event "Kiel op 35th"]
[Site "Kiel"]
[Date "2023.07.31"]
[Round "5"]
[White "Basey, Matthew"]
[Black "Henke, Jaron"]
[Result "1/2-1/2"]
[WhiteElo "2002"]
[BlackElo "1676"]
[PlyCount "119"]
[EventDate "2023.07.29"]
[EventType "swiss"]
[EventRounds "9"]
[EventCountry "GER"]
[SourceTitle "CBM 215 Extra"]
[Source "ChessBase"]
[SourceDate "2023.09.30"]
[SourceVersion "1"]
[SourceVersionDate "2023.09.30"]
[SourceQuality "1"]

1. d4 Nf6 2. Nf3 d5 3. c4 e6 4. cxd5 exd5 5. Nc3 c6 6. Qc2 Be7 7. Bg5 h6 8. Bh4 0-0 9. e3 Re8 10. Bd3 b6 11. 0-0 Bb7 12. Bg3 c5 13. dxc5 Bxc5 14. Rfd1 Qe7 15. Bb5 Rd8 16. Nd4 Bxd4 17. Rxd4 Nbd7 18. Bxd7 Rxd7 19. Rad1 Rc8 20. Qb3 Rcd8 21. Qb5 Qc5 22. Qe2 Bc6 23. Be5 Ne4 24. Qg4 g6 25. Qh4 Qe7 26. Qxe7 Rxe7 27. Rxe4 Rc8 28. Rh4 Rxe5 29. Rxh6 Bd7 30. Rh4 Be6 31. Rhd4 Rc4 32. R4d3 g5 33. h3 g4 34. hxg4 Rxg4 35. Nxd5 Kg7 36. a3 Bf5 37. Rd4 Be4 38. Nf4 Bf3 39. Rc1 Reg5 40. g3 Kh7 41. Ng2 Rxd4 42. exd4 Rb5 43. Nh4 Bd5 44. Rc2 Rb3 45. Ng2 Rd3 46. Ne3 Be4 47. Rc7 Kg6 48. Rxa7 Rxd4 49. Ra6 Rd6 50. Ra4 Bc6 51. Rb4 Bf3 52. Rf4 Bc6 53. g4 Rd2 54. Rb4 b5 55. Rb3 f6 56. Rc3 Be4 57. b4 Ra2 58. f4 Kh6 59. Kf1 Kg6 60. Kg1 1/2-1/2